With Four Prime Ministers/ (Record no. 174462)

MARC details
000 -LEADER
fixed length control field 00580nam a22001937a 4500
005 - DATE AND TIME OF LATEST TRANSACTION
control field 20210315121436.0
010 ## - LCCN (DPL NO)
LC control number ENG-128201
020 ## - INTERNATIONAL STANDARD BOOK NUMBER
Terms of availability 695.00
International Standard Book Number 9788794201830
035 ## - SYSTEM CONTROL NUMBER
System control number EN-111733
037 ## - SOURCE OF ACQUISITION
Source of stock number/acquisition DBAD/PUB
082 ## - DEWEY DECIMAL CLASSIFICATION NUMBER
Classification number 695.00
100 ## - MAIN ENTRY--PERSONAL NAME
Personal name Jarnail singh
245 ## - TITLE STATEMENT
Title With Four Prime Ministers/
Remainder of title my PMO journey:
Statement of responsibility, etc by Jarnail Singh
260 ## - PUBLICATION, DISTRIBUTION, ETC. (IMPRINT)
Place of publication, distribution, etc New Delhi
Name of publisher, distributor, etc Konark Publisher Pvt Ltd.
Date of publication, distribution, etc 2018
270 ## - ADDRESS
Address 206,frist Floor,Peacock lane.
City New Delhi
Postal code 110049
300 ## - PHYSICAL DESCRIPTION
Extent xvii;288p.
Dimensions 23cm(hb)
490 ## - SERIES STATEMENT
Series statement xxiii;288p.
942 ## - ADDED ENTRY ELEMENTS (KOHA)
Source of classification or shelving scheme Dewey Decimal Classification
Item type English Books
Classification part 230.52
Call number suffix SHA
Holdings
Withdrawn status Lost status Not for loan Collection code Home library Current library Date acquired Source of acquisition Cost, normal purchase price Full call number Barcode Copy number Cost, replacement price Koha item type
      Non-fiction Ashok Vihar Ashok Vihar 17/06/2020 DBAD/PUB 695.00 230.52 SHA EN-111733 1 695.00 English Books

© Delhi Public Library
Hit Counter
free hit counter